00534nam a22001697a 450000500170000001000130001702000130003003500130004303700160005608200120007210000290008424500690011324600590018226000510024127000500029230000220034220200106145814.0 aA-645656 c30.00a- aA-645656 bDBAD/PUBa- a808.044 aگیا ن چند جين  aا ر د و کا ا پنا عر و ض cگیا ن چند جين  bUrdu Ka Apna Urooz (Urdu)aby Prof. Gyan Chand Jain  aN.DelhibAnjuman Taraqui Urdu (Hind) c1990 ء aUrdu Ghar Rode Evenue,bN.Delhie110002k-l- a96 ص c22 Cm(Hb)